Malaysian taxation

Bibliographic Details
Main Author: Chin, Yoong Kheong
Format: Book
Published: Singapore : Butterworth , 1997
Edition:Fourth edition
Subjects:

MARC

LEADER 00000cam a2200000 7i4500
001 0000014815
005 20220523.0
020 |a 040999894X 
040 |a INS 
090 0 0 |a HJ2950.6   |b C44 1997 
100 1 |a Chin, Yoong Kheong 
245 1 0 |a Malaysian taxation   |c Chin Yoong Kheong 
250 |a Fourth edition 
260 |a Singapore :   |b Butterworth ,   |c 1997 
300 |a xxix, 803p. ;   |c 22cm. 
500 |a Includes index 
650 0 0 |a Taxation   |z Malaysia 
999 |a 0000012022   |b BOOK   |c Open Shelf   |e Default branch 
999 |a 0000014759   |b BOOK   |c Open Shelf   |e Default branch